Pharmacy law desk reference / (Record no. 20295)
[ view plain ]
| 000 -LEADER | |
|---|---|
| fixed length control field | 02471cam a22002535a 4500 |
| 001 - CONTROL NUMBER | |
| control field | 14278539 |
| 005 - DATE AND TIME OF LATEST TRANSACTION | |
| control field | 20160131120037.0 |
| 008 - FIXED-LENGTH DATA ELEMENTS--GENERAL INFORMATION | |
| fixed length control field | 060223s2012 enk frb 001 0 eng d |
| 020 ## - INTERNATIONAL STANDARD BOOK NUMBER | |
| Cancelled/invalid ISBN | 9780789018229 |
| 040 ## - CATALOGING SOURCE | |
| Original cataloging agency | DNLM/DLC |
| Transcribing agency | DLC |
| Modifying agency | NLM |
| -- | BAKER |
| -- | UKM |
| -- | BTCTA |
| -- | C#P |
| -- | YDXCP |
| -- | OCLCQ |
| -- | DLC |
| -- | EG-ScBUE |
| Language of cataloging | eng |
| 043 ## - GEOGRAPHIC AREA CODE | |
| Geographic area code | n-us--- |
| 082 04 - DEWEY DECIMAL CLASSIFICATION NUMBER | |
| Classification number | 344.730416 |
| Edition number | 22 |
| Item number | PHA |
| 245 00 - TITLE STATEMENT | |
| Title | Pharmacy law desk reference / |
| Statement of responsibility, etc | editor Delbert D. Konnor. |
| 260 ## - PUBLICATION, DISTRIBUTION, ETC. (IMPRINT) | |
| Place of publication, distribution, etc | Oxon ; |
| -- | New York : |
| Name of publisher, distributor, etc | Routledge / Taylor & Francis Group, |
| Date of publication, distribution, etc | 2012. |
| 300 ## - PHYSICAL DESCRIPTION | |
| Extent | xx, 555 p. ; |
| Dimensions | 23 cm. |
| 500 ## - GENERAL NOTE | |
| General note | Index : p. 521-555. |
| 504 ## - BIBLIOGRAPHY, ETC. NOTE | |
| Bibliography, etc | Includes bibliographical references. |
| 505 0# - FORMATTED CONTENTS NOTE | |
| Formatted contents note | The function, evolution, and historical development of the law / Martha M. Rumore -- Forms of business organization / Francis B. Palumbo, George E. Rippel, Jr. -- Federal Food, Drug, and Cosmetic Act / Larry R. Pilot -- The pharmacist's responsibility under the Controlled Substances Act and related matters / Delbert D. Konnor -- Principles of professional liability insurance for pharmacists / Kenneth R. Baker -- Patent law, trademarks, and copyrights / Martha M. Rumore -- Pharmacy trade regulation / Richard A. Feinstein, Daniel A. Kotchen -- Administrative law / Sharon Horn Roddan -- Professional practice acts / Norman A. Campbell -- Labor and employment law / Roger N. Morris, Sandra J. Creta -- Taxation / Jacqueline A. Henson -- Contracts / Jacqueline E. Artinger -- Crimes and torts / Norman A. Campbell -- Agency / Norman A. Campbell -- The interface between law and ethics in pharmacy practice / Margaret L. Eaton -- |
| 505 0# - FORMATTED CONTENTS NOTE | |
| Formatted contents note | HIPAA privacy in the pharmacy / Brian A. Gallagher -- Medicare and Medicaid / Susan C. Winckler -- Certification in pharmacy : advanced level credentials, including specialty certification / Richard J. Bertin -- Collaborative drug therapy management / Marla J. Campbell -- Supportive personnel in pharmacy practice / Thomas George -- Quality improvement initiatives for pharmaceutical care / Garry Carneal -- Electronic prescribing / F. Nicholas Willard -- Telepharmacy : identifying legal issues for pharmacists / Edward D. Rickert, Melissa A. Madigan -- Medication error reporting / Jennifer Devine -- VIPPS : creating a new regulatory model for the Internet age / Carmen A. Catizone, Moira Gibbons. |
| 650 #0 - SUBJECT ADDED ENTRY--TOPICAL TERM | |
| Topical term or geographic name as entry element | Pharmacy |
| General subdivision | Law and legislation |
| Geographic subdivision | United States. |
| Source of heading or term | BUEsh |
| 9 (RLIN) | 39184 |
| 653 ## - INDEX TERM--UNCONTROLLED | |
| Resource For college | Pharmacy |
| Arrived date list | July2015 |
| -- | January2016 |
| 700 1# - ADDED ENTRY--PERSONAL NAME | |
| Personal name | Konnor, Delbert D., |
| Relator term | editor. |
| 942 ## - ADDED ENTRY ELEMENTS (KOHA) | |
| Source of classification or shelving scheme | Dewey Decimal Classification |
| Withdrawn status | Lost status | Source of classification or shelving scheme | Damaged status | Not for loan | Koha collection | Home library | Current library | Shelving location | Date acquired | Source of acquisition | Cost, normal purchase price | Serial Enumeration / chronology | Total Checkouts | Full call number | Barcode | Date last seen | Cost, replacement price | Koha item type |
|---|---|---|---|---|---|---|---|---|---|---|---|---|---|---|---|---|---|---|
| Dewey Decimal Classification | Baccah | Central Library | Central Library | First floor | 08/07/2015 | Purchase | 495.00 | 21782 | 344.730416 PHA | 000039272 | 15/07/2025 | 619.00 | Book - Borrowing |